000 00468nam a2200169Ia 4500
008 240729s9999 xx 000 0 und d
022 _a2560-3949
245 0 _aEconomic Analysis
260 _aSerbia
260 _bInstitute of Economic Sciences
650 _a Economic theory. Demography
650 _a Economics as a science
650 _aSocial Sciences
856 _uhttps://doaj.org/toc/ffd57e4608e943d680bbe1237fad805d
942 _2ddc
942 _cDOAJEJ
999 _c66029
_d66029
945 _a1
_bMadushi Gamage
_c1
_dMadushi Gamage